| 000 | nam a22 a 4500 | ||
|---|---|---|---|
| 999 |
_c585 _d585 |
||
| 003 | AKMAL | ||
| 005 | 20170504120653.0 | ||
| 008 | 170504s2004 my a e 000 0 may d | ||
| 020 |
_a9831920155 (kkt.) : _cRM23.50 |
||
| 040 | _aAKMAL | ||
| 082 | 0 | 4 |
_a158.1 MOH _222 |
| 090 | 0 | 0 |
_a158.1 _bMOH |
| 100 | 0 |
_aMohd. Fadzilah Kamsah, _cDato', _d1951- _91278 |
|
| 245 | 1 | 0 |
_aMerancang kejayaan / _cMohd Fadzilah Kamsah, Ahmad Zabidi Abdul Razak, Noor Shamshidar Zakaria |
| 260 |
_aBentong, Pahang : _bPTS Publications & Distributors, 2004 |
||
| 300 |
_aiv, 242ms. : _bil. ; _c23cm. |
||
| 504 | _aBibliografi: ms. 239-242 | ||
| 650 | 1 | 0 |
_aSuccess _xPsychological aspects _91186 |
| 650 | 2 | 0 |
_aSelf-actualization (Psychology) _91127 |
| 700 | 0 |
_aAhmad Zabidi Abdul Razak _91293 |
|
| 700 | 0 |
_aNoor Shamshidar Zakaria _91294 |
|
| 942 |
_2ddc _cBOOK |
||